| 000 | 00520cam a2200205ua 4500 | ||
|---|---|---|---|
| 020 | _c995.00 | ||
| 041 |
_aeng _h |
||
| 082 |
_a631.5872 _bRAK/MA |
||
| 100 | _aRakesh, Hooja . | ||
| 245 |
_aManaging Drainage and Irrigation / _cRakesh Hooja. _hTextual Documents |
||
| 250 |
_a1 / _b. |
||
| 260 |
_aNew Delhi : _bHimanshu publications , _c1997. |
||
| 300 | _a334 ; . | ||
| 365 | _a995.00 | ||
| 504 | _a | ||
| 700 | 1 | _aMundra, S.N . | |
| 700 | 1 | _aViswanatha, N.A . | |
| 942 | _cBK | ||
| 999 |
_c1397 _d1397 |
||